| 000 | 00771nam a2200253 a 4500 | ||
|---|---|---|---|
| 001 | ASIN0857208071 | ||
| 005 | 20170105102924.0 | ||
| 008 | 131211s2011 xxu eng d | ||
| 020 | _a0857208071 (hardcover) | ||
| 020 | _a9780857208071 (hardcover) | ||
| 040 | _a0 | ||
| 050 | 0 | 4 | _aE840.8.R48 |
| 082 | 0 | 4 |
_a973.931092 _bRIC 2011 |
| 100 | 1 | _aRice, Condoleezza. | |
| 245 | 1 | 0 |
_aNo higher honour / _cCondoleezza Rice. |
| 260 |
_a[S.l.] : _bSimon & Schuster Ltd, _c2011. |
||
| 300 |
_a1 v. (unpaged) ; _c24 cm. |
||
| 650 | 0 | _aCabinet officers | |
| 650 | 0 | _aRice, Condoleezza, 1954- | |
| 650 | 0 | _aUnited States | |
| 650 | 0 | _aWomen cabinet officers | |
| 856 | 4 | 0 |
_3Amazon.com _uhttp://www.amazon.com/exec/obidos/ASIN/0857208071/chopaconline-20 |
| 942 |
_2ddc _cBK |
||
| 999 |
_c15749 _d15749 |
||